Eros y civilización
Đã lưu trong:
| Tác giả chính: | |
|---|---|
| Định dạng: | Sách |
| Ngôn ngữ: | Tiếng Tây Ban Nha |
| Được phát hành: |
Madrid
SARPE
1983
|
| Phiên bản: | 1a. ed |
| Loạt: | Los Grandes Pensadores, 8
|
| Những chủ đề: | |
| Các nhãn: |
Thêm thẻ
Không có thẻ, Là người đầu tiên thẻ bản ghi này!
|
MARC
| LEADER | 00000cam a2200000 a 4500 | ||
|---|---|---|---|
| 001 | UCE2234 | ||
| 003 | CL-VaPUC | ||
| 008 | 140619e19830000sp |||||||||||||||||spa|d | ||
| 020 | |a 8472915689 | ||
| 082 | 0 | 4 | |a 150.195 |b MAR |2 21 |
| 100 | |a Marcuse, Herbert |e autor |9 329251 | ||
| 245 | 1 | 0 | |a Eros y civilización |
| 250 | |a 1a. ed | ||
| 300 | |a 249 p | ||
| 942 | |c BK | ||
| 945 | |d 20140619 13:53:00 |a dcastane | ||
| 260 | |a Madrid |b SARPE |c 1983 | ||
| 650 | 0 | |a Civilización |9 255823 | |
| 650 | 0 | |a Aspectos psicológicos |9 258128 | |
| 650 | 0 | |a Psicoanálisis |9 265702 | |
| 583 | |a last modification |c 20140619 13:53:00 |k Rodrigo Vera | ||
| 490 | 0 | |a Los Grandes Pensadores, 8 | |
| 999 | |c 355883 |d 355881 | ||
| 952 | |0 0 |1 0 |3 erd |4 0 |6 150_195000000000000_MAR_1983 |7 0 |8 X |9 462823 |a FDOBUD |b FDOBUD |i 5042402 |o 150.195 MAR 1983 |p 5042402 |r 2019-11-23 |w 2019-11-23 |y BK_X |z Catalogado en:20140619 |k BUD | ||